[Event "VII OPEN AMATEUR CALVIA"]
[Site "Calvia - Mallorca (España)"]
[Date "2010.10.13"]
[Round "5"]
[Board "1"]
[White "Carrasco Sagredo, Manuel"]
[Black "Plachkinova, Tatjana"]
[Result "1/2-1/2"]
[WhiteElo "2157"]
[BlackElo "2091"]
[PlyCount "90"]
[EventDate "2010.10.09"]
[EventRounds "9"]
[EventCountry "ESP"]

1.d4 Nf6 2.c4 c5 3.d5 b5 4.Nd2 bxc4 5.e4 e6 6.Bxc4 exd5 7.exd5 Bb7 8.Ndf3 d6
9.a4 Be7 10.a5 a6 11.Ne2 O-O 12.Nc3 Nbd7 13.O-O Ne8 14.Bf4 Nc7 15.Qc2 Nf6
16.Rfd1 Re8 17.Rab1 Rb8 18.b4 cxb4 19.Rxb4 Ba8 20.Rb6 Nd7 21.Rxb8 Qxb8 22.Rb1
Qc8 23.Rc1 Nf6 24.h3 Bf8 25.Qd3 Qd8 26.Bb3 Qb8 27.Ba4 Rd8 28.Bg5 Nfxd5 29.Nxd5
Nxd5 30.Bxd8 Qxd8 31.Qxa6 Ne7 32.Nd4 g6 33.Nc6 Nxc6 34.Bxc6 Qg5 35.Rc2 Qf5
36.Qxa8 Qxc2 37.a6 Qc1+ 38.Kh2 Qf4+ 39.g3 Qxf2+ 40.Bg2 Kg7 41.a7 h5 42.Qxf8+
Kxf8 43.a8=Q+ Kg7 44.Qf3 Qxf3 45.Bxf3 Kf6

[Event "VII OPEN AMATEUR CALVIA"]
[Site "Calvia - Mallorca (España)"]
[Date "2010.10.13"]
[Round "5"]
[Board "1"]
[White "Lacrosse, Marc"]
[Black "Persson, Stellan"]
[Result "1-0"]
[WhiteElo "2198"]
[BlackElo "2070"]
[PlyCount "135"]
[EventDate "2010.10.09"]
[EventRounds "9"]
[EventCountry "ESP"]

1.d4 Nf6 2.c4 e6 3.Nf3 d5 4.Bg5 Nbd7 5.cxd5 exd5 6.Nc3 c6 7.e3 Qb6 8.Qc2 Bb4
9.Bd3 h6 10.Bh4 c5 11.O-O c4 12.Bf5 O-O 13.Bxd7 Bxd7 14.Bxf6 Bxc3 15.bxc3 Qxf6
16.e4 dxe4 17.Qxe4 Rfe8 18.Qxb7 Bc6 19.Qc7 Bxf3 20.gxf3 Qxf3 21.Qg3 Qf5 22.Rfe1
Rac8 23.Re3 Rxe3 24.Qxe3 Qg6+ 25.Qg3 Qc2 26.Kh1 Rc6 27.Qb8+ Kh7 28.Qb1 Qg6
29.Qxg6+ Kxg6 30.Rb1 Ra6 31.Rb4 Rxa2 32.Kg2 Kf5 33.Kf3 a5 34.Rxc4 a4 35.Ke3 a3
36.Rc5+ Ke6 37.Ra5 f5 38.c4 Ra1 39.Ra6+ Kf7 40.Kf4 g6 41.Ke5 a2 42.Ra7+ Ke8
43.Kf6 f4 44.c5 Rd1 45.Rxa2 Rxd4 46.Kxg6 Rc4 47.Kxh6 Rxc5 48.Ra4 f3 49.Rf4 Rc1
50.Rxf3 Rh1 51.h3 Ke7 52.Kh5 Ke6 53.h4 Ke5 54.Kg5 Rh2 55.Rf8 Rg2+ 56.Kh6 Ke6
57.h5 Ke7 58.Rf3 Rh2 59.Kg6 Rg2+ 60.Kh7 Ke8 61.h6 Rh2 62.Kg8 Rg2+ 63.Rg3 Rxf2
64.h7 Rf8+ 65.Kg7 Rf7+ 66.Kg6 Rf8 67.Re3+ Kd7 68.Kg7

[Event "VII OPEN AMATEUR CALVIA"]
[Site "Calvia - Mallorca (España)"]
[Date "2010.10.13"]
[Round "5"]
[Board "1"]
[White "Sokalskaja, Elena"]
[Black "Walton, Alan J"]
[Result "0-1"]
[WhiteElo "2036"]
[BlackElo "2152"]
[PlyCount "194"]
[EventDate "2010.10.09"]
[EventRounds "9"]
[EventCountry "ESP"]

1.d4 d5 2.Nf3 c6 3.g3 e6 4.Bg2 Bd6 5.O-O f5 6.b3 Qe7 7.c4 Nf6 8.Ng5 Nbd7 9.Bb2
O-O 10.Nd2 Ne4 11.Ngf3 Ng5 12.e3 Nxf3+ 13.Nxf3 Qf6 14.Qc2 g5 15.Rae1 h5 16.h4 g4
17.Nd2 Qg6 18.Nb1 Nf6 19.Nc3 Ne4 20.Ne2 Bd7 21.Nf4 Qf7 22.a3 Rfc8 23.c5 Bc7
24.b4 a5 25.Ra1 Qe8 26.Bc3 axb4 27.axb4 Bxf4 28.exf4 Rxa1 29.Rxa1 Ra8 30.Kh2 Nf6
31.Ra5 Rxa5 32.bxa5 Qc8 33.Bf1 Ne8 34.Qe2 Qc7 35.a6 bxa6 36.Qxa6 Bc8 37.Qa4 Qb7
38.Ba5 Nf6 39.Bb6 Ne4 40.Qa2 Kh7 41.Kg2 Qg7 42.Qb2 Qb7 43.Bd3 Qa8 44.Bc7 Qb7
45.Bb6 Qa8 46.Bc7 Qb7 47.Qxb7 Bxb7 48.Ba5 Kg6 49.Kf1 Kf7 50.Ke2 Ke7 51.Be1 Nf6
52.Kd2 Kd7 53.Kc3 Kc7 54.Kb3 Ne4 55.Ka4 Kb8 56.Be2 Nf6 57.f3 gxf3 58.Bxf3 Ba6
59.Ka5 Bb5 60.Kb6 Kc8 61.Ka7 Kd7 62.Kb7 Bd3 63.Bd1 Bb5 64.Ba5 Ng4 65.Bc7 Nf6
66.Be5 Ng4 67.Bg7 Kd8 68.Bf3 Kd7 69.Kb6 Kd8 70.Ka5 Kc7 71.Be5+ Kb7 72.Bd1 Bd3
73.Ba4 Be2 74.Kb4 Ne3 75.Bf6 Nf1 76.Bg5 Nxg3 77.Kc3 Ne4+ 78.Kc2 Bd1+ 79.Kxd1
Nc3+ 80.Kd2 Nxa4 81.Bd8 Ka6 82.Kd3 Kb5 83.Be7 Kb4 84.Bd8 Kb3 85.Ba5 Nb2+ 86.Ke2
Kc2 87.Bc7 Nc4 88.Bd8 Kc3 89.Bf6 Na3 90.Ke3 Nc2+ 91.Ke2 Kc4 92.Kd2 Nxd4 93.Be7
Nb3+ 94.Kc2 Nxc5 95.Bf6 d4 96.Be5 Kd5 97.Kd2 Ne4+

[Event "VII OPEN AMATEUR CALVIA"]
[Site "Calvia - Mallorca (España)"]
[Date "2010.10.13"]
[Round "5"]
[Board "1"]
[White "Mercant Simo, Jaime"]
[Black "Dzubasz, Tino"]
[Result "0-1"]
[WhiteElo "2123"]
[BlackElo "2039"]
[PlyCount "60"]
[EventDate "2010.10.09"]
[EventRounds "9"]
[EventCountry "ESP"]

1.e4 d6 2.d4 Nf6 3.Nc3 g6 4.f3 Bg7 5.Be3 c6 6.a4 Nbd7 7.Bc4 O-O 8.Qd2 d5 9.exd5
Nb6 10.Bb3 cxd5 11.Bh6 Nc4 12.Bxc4 dxc4 13.Nge2 Re8 14.Bxg7 Kxg7 15.Qg5 h6
16.Qe5 a6 17.Ne4 Bf5 18.N2g3 Be6 19.O-O Bd5 20.Nxf6 exf6 21.Qf4 Qb6 22.Qd2 Rad8
23.a5 Qd6 24.c3 Re6 25.Ne2 Rde8 26.Nf4 Re3 27.Nxd5 Re2 28.Nxf6 Qxf6 29.Qc1 Qh4
30.d5 Rxg2+

[Event "VII OPEN AMATEUR CALVIA"]
[Site "Calvia - Mallorca (España)"]
[Date "2010.10.13"]
[Round "5"]
[Board "1"]
[White "Razola, Garcia Joaquin"]
[Black "Navarrete Terrasa, Sebastian"]
[Result "0-1"]
[WhiteElo "2112"]
[BlackElo "1997"]
[PlyCount "106"]
[EventDate "2010.10.09"]
[EventRounds "9"]
[EventCountry "ESP"]

1.e4 c5 2.f4 d5 3.exd5 Nf6 4.Bc4 Nxd5 5.d3 g6 6.Nf3 Bg7 7.O-O O-O 8.Qe2 Nc6 9.c3
a6 10.a4 Rb8 11.a5 e6 12.Qf2 Nxa5 13.Qxc5 Nxc4 14.dxc4 Qb6 15.Qxb6 Nxb6 16.b3
Nd7 17.Ba3 Re8 18.Bd6 Ra8 19.Ne5 b6 20.Nd2 Bb7 21.b4 f6 22.Nxd7 Red8 23.Nxb6
Rxd6 24.Nxa8 Rxd2 25.Rfd1 Rxg2+ 26.Kf1 Rxh2 27.Nc7 h5 28.Nxe6 h4 29.Nxg7 h3
30.Rd8+ Kxg7 31.Rd7+ Kh6 32.Rxb7 Rh1+ 33.Kf2 Rxa1 34.Kg3 Ra3 35.Kxh3 Rxc3+
36.Kg4 Rxc4 37.Kg3 Rc3+ 38.Kg2 Rb3 39.Rb6 f5 40.Kf2 Kh5 41.Kg2 Kg4 42.Rxg6+ Kxf4
43.Rh6 Rb2+ 44.Kf1 Kf3 45.Ke1 Rxb4 46.Rxa6 f4 47.Rg6 Rb1+ 48.Kd2 Kf2 49.Rh6 f3
50.Rg6 Kf1 51.Rh6 Rb8 52.Ke3 f2 53.Rg6 Ke1

[Event "VII OPEN AMATEUR CALVIA"]
[Site "Calvia - Mallorca (España)"]
[Date "2010.10.13"]
[Round "5"]
[Board "1"]
[White "Pietinen, Pekka"]
[Black "Du Plessis, Heinco"]
[Result "1-0"]
[WhiteElo "1997"]
[BlackElo "2108"]
[PlyCount "45"]
[EventDate "2010.10.09"]
[EventRounds "9"]
[EventCountry "ESP"]

1.e4 c5 2.Nf3 d6 3.d4 cxd4 4.Nxd4 Nf6 5.f3 a6 6.c4 g6 7.Nc3 Bg7 8.Be3 Nc6 9.Qd2
h5 10.Be2 Bd7 11.O-O Ne5 12.Rac1 Rc8 13.Nd5 Nxd5 14.cxd5 O-O 15.h3 f5 16.f4 Nf7
17.exf5 Bxf5 18.Nxf5 gxf5 19.Bxh5 Qd7 20.Bd4 Bh6 21.Qd3 Nh8 22.Rce1 Kh7 23.Re6

[Event "VII OPEN AMATEUR CALVIA"]
[Site "Calvia - Mallorca (España)"]
[Date "2010.10.13"]
[Round "5"]
[Board "1"]
[White "Grichkevitch, Gilles"]
[Black "Cemborain Oricain, Alfonso"]
[Result "1-0"]
[WhiteElo "2099"]
[BlackElo "1987"]
[PlyCount "145"]
[EventDate "2010.10.09"]
[EventRounds "9"]
[EventCountry "ESP"]

1.e4 g6 2.d4 c6 3.Nc3 d5 4.e5 h5 5.f4 Nh6 6.Nf3 Bf5 7.h3 e6 8.Be3 Be7 9.Qd2 Nd7
10.Be2 Qb6 11.Rb1 O-O 12.O-O Rac8 13.a3 c5 14.Bb5 Nb8 15.Bd3 h4 16.Na4 Qc6
17.Nxc5 Bxd3 18.cxd3 b6 19.Nb3 Qb5 20.Na1 Nf5 21.Bf2 Nc6 22.Nc2 Rc7 23.b4 Rfc8
24.Ne3 Ncxd4 25.Nxd4 Nxd4 26.Rbd1 Nc2 27.Qe2 Nxe3 28.Qxe3 Rc3 29.f5 exf5 30.e6
f6 31.Qh6 Qe8 32.Bd4 Rxa3 33.Qxh4 Kg7 34.Qg3 Ra2 35.Rxf5 Rcc2 36.Rf2 Rxf2
37.Bxf2 Bxb4 38.Qg4 Bd6 39.Rf1 Ra4 40.d4 Be7 41.Be3 Qh8 42.Qf3 Qh5 43.Qg3 Rc4
44.Rf3 Qh8 45.Bg5 Qc8 46.Qh4 Rc1+ 47.Bxc1 Qxc1+ 48.Rf1 Qe3+ 49.Qf2 Qxe6 50.Re1
Qd7 51.Qe3 Bd6 52.Kh1 b5 53.Qb3 Bc7 54.Qa3 Qd6 55.Re7+ Kf8 56.Qxd6 Bxd6 57.Rxa7
b4 58.Rd7 Bf4 59.Rxd5 Ke7 60.Rb5 Bd2 61.Rb6 Bc3 62.g4 g5 63.Kg2 Bxd4 64.Rxb4 Be5
65.Kf3 Ke6 66.Ke4 Ba1 67.Rb6+ Ke7 68.Kf5 Bc3 69.Rb7+ Kf8 70.Rb6 Ke7 71.Rb7+ Kf8
72.Ke6 Ba1 73.Rf7+

[Event "VII OPEN AMATEUR CALVIA"]
[Site "Calvia - Mallorca (España)"]
[Date "2010.10.13"]
[Round "5"]
[Board "1"]
[White "Jaramillo, Eduardo Alonso"]
[Black "Lechado Artigues, Pedro"]
[Result "1/2-1/2"]
[WhiteElo "1996"]
[BlackElo "2096"]
[PlyCount "116"]
[EventDate "2010.10.09"]
[EventRounds "9"]
[EventCountry "ESP"]

1.e4 c5 2.Nf3 d6 3.d4 cxd4 4.Nxd4 Nf6 5.Nc3 a6 6.Be2 e5 7.Nb3 Be7 8.O-O Be6 9.f4
exf4 10.Bxf4 Nc6 11.Bf3 O-O 12.Kh1 Rc8 13.Nd5 Ne5 14.c3 Nfd7 15.Qd4 Bxd5 16.Qxd5
Qc7 17.Nd4 g6 18.Bh6 Nf6 19.Qb3 Rfe8 20.Rad1 b5 21.Be2 Nxe4 22.Bg4 Rb8 23.Rf4
Nc5 24.Qd5 Qb7 25.Bf3 Qxd5 26.Bxd5 Bf8 27.Bxf8 Rxf8 28.Rf6 Ncd3 29.Rd2 Rbd8
30.h3 Kg7 31.Rxf7+ Rxf7 32.Ne6+ Kh6 33.Nxd8 Rf2 34.Rxf2 Nxf2+ 35.Kg1 Nd1 36.Nb7
Ne3 37.Bb3 d5 38.a4 N3c4 39.Nc5 bxa4 40.Bxa4 Nxb2 41.Bb3 a5 42.Bxd5 Kg5 43.g3 a4
44.Kg2 a3 45.Ne6+ Kf6 46.Nd4 Nd1 47.Bg8 h6 48.Nc2 Kg7 49.Be6 Kf6 50.Bb3 Nxc3
51.Nxa3 g5 52.Nc4 Nd3 53.Ne3 h5 54.Nd5+ Nxd5 55.Bxd5 Ke5 56.Bf7 h4 57.gxh4 gxh4
58.Kf3 Kf5

[Event "VII OPEN AMATEUR CALVIA"]
[Site "Calvia - Mallorca (España)"]
[Date "2010.10.13"]
[Round "5"]
[Board "1"]
[White "Thorell, Viktor"]
[Black "Strand, Oyvin"]
[Result "1-0"]
[WhiteElo "2096"]
[BlackElo "1978"]
[PlyCount "59"]
[EventDate "2010.10.09"]
[EventRounds "9"]
[EventCountry "ESP"]

1.Nf3 d5 2.c4 e6 3.d4 Nf6 4.g3 Be7 5.Bg2 O-O 6.b3 Nbd7 7.O-O c6 8.Bb2 Ne4 9.Nfd2
f5 10.f3 Ng5 11.e4 f4 12.Nc3 c5 13.Ne2 fxg3 14.hxg3 dxe4 15.f4 Nf3+ 16.Nxf3 exf3
17.Rxf3 cxd4 18.Bxd4 Bc5 19.Bxc5 Nxc5 20.b4 Nd7 21.Qd4 Qc7 22.Rd1 Nf6 23.c5 Bd7
24.Qd6 Qxd6 25.Rxd6 Bc6 26.Re3 Nd5 27.Ra3 a6 28.Nd4 Rad8 29.Nxe6 Rxd6 30.cxd6

[Event "VII OPEN AMATEUR CALVIA"]
[Site "Calvia - Mallorca (España)"]
[Date "2010.10.13"]
[Round "5"]
[Board "1"]
[White "Alemany Jara, Alejandro"]
[Black "Juan Mas, Santiago"]
[Result "1-0"]
[WhiteElo "1835"]
[BlackElo "2092"]
[PlyCount "55"]
[EventDate "2010.10.09"]
[EventRounds "9"]
[EventCountry "ESP"]

1.d4 d5 2.Nf3 Nc6 3.Bf4 Bg4 4.e3 e6 5.Nbd2 Bd6 6.Bg3 Nge7 7.c3 O-O 8.Bd3 e5
9.dxe5 Nxe5 10.Bxe5 Bxe5 11.Bxh7+ Kh8 12.Bd3 Bf6 13.Qa4 Bf5 14.Bxf5 Nxf5 15.g4
Nd6 16.Rg1 g6 17.h4 Kg8 18.g5 Bg7 19.h5 Re8 20.O-O-O Qe7 21.Qh4 Ne4 22.h6 Bxc3
23.Nxe4 Bxb2+ 24.Kxb2 Qb4+ 25.Kc2 Rxe4 26.Qh2 Rc4+ 27.Kd3 Qb2 28.h7+

[Event "VII OPEN AMATEUR CALVIA"]
[Site "Calvia - Mallorca (España)"]
[Date "2010.10.13"]
[Round "5"]
[Board "1"]
[White "Hoffmann, Roger"]
[Black "Shen, Yue"]
[Result "0-1"]
[WhiteElo "2086"]
[BlackElo "1885"]
[PlyCount "58"]
[EventDate "2010.10.09"]
[EventRounds "9"]
[EventCountry "ESP"]

1.d4 Nf6 2.c4 g6 3.Nc3 Bg7 4.e4 d6 5.Nf3 O-O 6.h3 e5 7.d5 Nbd7 8.Bg5 h6 9.Be3
Nh5 10.Nh2 Kh7 11.Qc2 a5 12.O-O-O Nc5 13.g3 f5 14.g4 Nf4 15.gxf5 gxf5 16.f3 b6
17.Bxf4 exf4 18.exf5 Bxf5 19.Ne4 Qh4 20.Ng4 Nxe4 21.fxe4 Bxg4 22.hxg4 Qxh1
23.e5+ Kg8 24.Qg6 Qh4 25.Bd3 Qg5 26.Qh7+ Kf7 27.exd6 cxd6 28.Bf5 Kf6 29.Rh1 Rh8

[Event "VII OPEN AMATEUR CALVIA"]
[Site "Calvia - Mallorca (España)"]
[Date "2010.10.13"]
[Round "5"]
[Board "1"]
[White "Sokalsky, Alexander"]
[Black "Puroila, Sippo"]
[Result "1-0"]
[WhiteElo "2226"]
[BlackElo "1950"]
[PlyCount "89"]
[EventDate "2010.10.09"]
[EventRounds "9"]
[EventCountry "ESP"]

1.Nf3 d5 2.g3 c5 3.Bg2 Nc6 4.O-O Nf6 5.d3 e5 6.c3 Be7 7.a3 a5 8.a4 O-O 9.Na3 Bd7
10.Qc2 Qc8 11.e4 dxe4 12.dxe4 Re8 13.Nc4 Qc7 14.Ne3 Bf8 15.h3 Rad8 16.Re1 b6
17.b3 Qc8 18.Kh2 Qc7 19.Nd2 Be6 20.Ndc4 g6 21.Na3 Na7 22.Nec4 Bd7 23.Bg5 Bg7
24.Ne3 Rb8 25.Rad1 Bc6 26.Nac4 Nc8 27.Nd5 Nxd5 28.exd5 Ba8 29.d6 Qd7 30.Bxa8
Rxa8 31.Be7 f6 32.f4 Rb8 33.fxe5 Nxe7 34.exf6 Bxf6 35.dxe7 Qc7 36.Re6 Bh4
37.Rdd6 Rxe7 38.Qe4 Rbe8 39.Rxg6+ Kh8 40.Qxh4 Re2+ 41.Kg1 Re1+ 42.Kf2 R8e2+
43.Kf3 Qb7+ 44.Rc6 Qf7+ 45.Qf6+

[Event "VII OPEN AMATEUR CALVIA"]
[Site "Calvia - Mallorca (España)"]
[Date "2010.10.13"]
[Round "5"]
[Board "1"]
[White "Adler, Bo"]
[Black "Oliver Font, Jose Luis"]
[Result "1/2-1/2"]
[WhiteElo "2220"]
[BlackElo "1902"]
[PlyCount "81"]
[EventDate "2010.10.09"]
[EventRounds "9"]
[EventCountry "ESP"]

1.d4 Nf6 2.c4 c5 3.d5 b5 4.cxb5 a6 5.Nc3 g6 6.e4 d6 7.f4 Nbd7 8.Nf3 Bg7 9.e5
dxe5 10.fxe5 Ng4 11.e6 Nde5 12.h3 Nxf3+ 13.Qxf3 Ne5 14.exf7+ Nxf7 15.d6 Ra7
16.Bc4 exd6 17.Qc6+ Kf8 18.O-O Bd4+ 19.Kh1 Bg7 20.Rxf7+ Rxf7 21.Bxf7 Kxf7 22.Ne4
Be5 23.Bg5 Qd7 24.Qd5+ Qe6 25.Rf1+ Kg7 26.Qa8 axb5 27.Bf6+ Bxf6 28.Rxf6 Qe7
29.Qd5 Bf5 30.Rxf5 gxf5 31.Nxd6 Qf6 32.Nxf5+ Kg6 33.Ne3 Re8 34.Qxc5 Qe6 35.Nd5
Qe1+ 36.Kh2 Qe5+ 37.Kh1 Kg7 38.Qxb5 Rf8 39.Qc4 Qxb2 40.Qc3+ Qxc3 41.Nxc3

[Event "VII OPEN AMATEUR CALVIA"]
[Site "Calvia - Mallorca (España)"]
[Date "2010.10.13"]
[Round "5"]
[Board "1"]
[White "Hvenekilde, Jorgen"]
[Black "Cerdo Fernandez, Miguel"]
[Result "1-0"]
[WhiteElo "2107"]
[BlackElo "1909"]
[PlyCount "71"]
[EventDate "2010.10.09"]
[EventRounds "9"]
[EventCountry "ESP"]

1.d4 Nf6 2.c4 c5 3.d5 e6 4.g3 exd5 5.cxd5 d6 6.Bg2 g6 7.Nf3 Bg7 8.O-O O-O 9.Nc3
a6 10.a4 Re8 11.Re1 Bf5 12.Nd2 Qd7 13.Nc4 Qe7 14.Bf4 Rd8 15.e4 Bc8 16.Nxd6 Nh5
17.Nxc8 Rxc8 18.e5 Nxf4 19.gxf4 Nd7 20.d6 Qh4 21.Nd5 Kh8 22.Qf3 Rab8 23.Bh3 Rd8
24.Qg3 Qh6 25.Bxd7 Rxd7 26.Nb6 Rdd8 27.Rad1 Qh5 28.Rd5 Qh6 29.Re3 Bf8 30.Rxc5 f6
31.Rc7 g5 32.fxg5 fxg5 33.Qg4 Bxd6 34.exd6 Qxd6 35.Ree7 Kg8 36.Qxg5+

[Event "VII OPEN AMATEUR CALVIA"]
[Site "Calvia - Mallorca (España)"]
[Date "2010.10.13"]
[Round "5"]
[Board "1"]
[White "Minescu, Dragos-Olivar"]
[Black "Christiansen, Johan-Sebastian"]
[Result "1-0"]
[WhiteElo "2098"]
[BlackElo "1899"]
[PlyCount "59"]
[EventDate "2010.10.09"]
[EventRounds "9"]
[EventCountry "ESP"]

1.c4 e5 2.Nc3 Nf6 3.Nf3 Nc6 4.g3 Bc5 5.Bg2 O-O 6.O-O d6 7.e3 Bg4 8.h3 Bh5 9.g4
Bg6 10.d4 exd4 11.exd4 Bb6 12.Bg5 h6 13.Bh4 Nb4 14.a3 Nd3 15.Nd5 c6 16.Nxf6+
gxf6 17.Qd2 Kh7 18.Rfd1 d5 19.c5 Bc7 20.Bg3 Qb8 21.Nh4 Bf4 22.Qc3 Bxg3 23.fxg3
Be4 24.Rxd3 Bxd3 25.Qxd3+ Kg7 26.Nf5+ Kh7 27.Qd2 Qf4 28.Qxf4 Rh8 29.Qxh6+ Kg8
30.Qg7#

[Event "VII OPEN AMATEUR CALVIA"]
[Site "Calvia - Mallorca (España)"]
[Date "2010.10.13"]
[Round "5"]
[Board "1"]
[White "Rodriguez Garcia, Jesus"]
[Black "Burton, Graham P"]
[Result "1-0"]
[WhiteElo "1928"]
[BlackElo "2080"]
[PlyCount "95"]
[EventDate "2010.10.09"]
[EventRounds "9"]
[EventCountry "ESP"]

1.Nf3 e6 2.c4 c5 3.Nc3 Nf6 4.e4 Nc6 5.d4 cxd4 6.Nxd4 Bb4 7.Nxc6 bxc6 8.Bd3 e5
9.Qc2 O-O 10.Bg5 h6 11.Bh4 d6 12.f3 Be6 13.g4 d5 14.exd5 cxd5 15.O-O-O Be7
16.Bxf6 Bxf6 17.Nxd5 Bxd5 18.Bh7+ Kh8 19.Rxd5 Qb6 20.Be4 Rab8 21.c5 Qa5 22.Kb1
Rb5 23.Rhd1 Rfb8 24.b3 Qa3 25.R1d3 Rc8 26.c6 Rxd5 27.Rxd5 Qa6 28.Rd7 Bg5 29.Qc5
Qf1+ 30.Kb2 Qe2+ 31.Qc2 Qb5 32.a4 Qb6 33.Rb7 Qd4+ 34.Ka2 Qd6 35.b4 g6 36.b5 Be7
37.Qc3 f5 38.gxf5 gxf5 39.Bc2 Bf6 40.Qb3 Rf8 41.Bxf5 Qd2+ 42.Bc2 e4 43.fxe4 Be5
44.Rd7 Qxh2 45.c7 Qg1 46.Bb1 Rf2+ 47.Ka3 Qc1+ 48.Kb4

[Event "VII OPEN AMATEUR CALVIA"]
[Site "Calvia - Mallorca (España)"]
[Date "2010.10.13"]
[Round "5"]
[Board "1"]
[White "Patola, Eero"]
[Black "Schuermans, Robert"]
[Result "0-1"]
[WhiteElo "1924"]
[BlackElo "2069"]
[PlyCount "58"]
[EventDate "2010.10.09"]
[EventRounds "9"]
[EventCountry "ESP"]

1.c4 Nc6 2.e4 e5 3.Nc3 Bc5 4.g3 d6 5.Bg2 f5 6.d3 Nf6 7.h3 O-O 8.Na4 fxe4 9.Nxc5
dxc5 10.Be3 Nb4 11.Bxe4 Nxe4 12.dxe4 Qd3 13.Qxd3 Nxd3+ 14.Ke2 Nxb2 15.Bxc5 Rf7
16.Nf3 b6 17.Bb4 Nxc4 18.Rhc1 Ba6 19.Ng5 Nb2+ 20.Ke3 Rd7 21.Kf3 Nd3 22.Rd1 h6
23.Ne6 Rf7+ 24.Ke3 Nxb4 25.Rac1 c5 26.Nd8 Rf8 27.Ne6 Rf6 28.Nc7 Raf8 29.a3 Rxf2

[Event "VII OPEN AMATEUR CALVIA"]
[Site "Calvia - Mallorca (España)"]
[Date "2010.10.13"]
[Round "5"]
[Board "1"]
[White "Suuronen, Petri"]
[Black "Berendsen, Markus"]
[Result "1/2-1/2"]
[WhiteElo "1916"]
[BlackElo "2034"]
[PlyCount "33"]
[EventDate "2010.10.09"]
[EventRounds "9"]
[EventCountry "ESP"]

1.Nf3 Nf6 2.c4 c5 3.Nc3 d5 4.cxd5 Nxd5 5.e4 Nc7 6.Bc4 e6 7.O-O Nc6 8.d3 Be7
9.Bf4 O-O 10.Qe2 Bd6 11.e5 Be7 12.Ne4 b6 13.a3 Bb7 14.h3 Nd4 15.Nxd4 Qxd4 16.Bg3
Bxe4 17.dxe4

[Event "VII OPEN AMATEUR CALVIA"]
[Site "Calvia - Mallorca (España)"]
[Date "2010.10.13"]
[Round "5"]
[Board "1"]
[White "Ramon Sanchez Campins, Pedro"]
[Black "Knudsen, Jes West"]
[Result "0-1"]
[WhiteElo "1768"]
[BlackElo "1996"]
[PlyCount "66"]
[EventDate "2010.10.09"]
[EventRounds "9"]
[EventCountry "ESP"]

1.e4 d5 2.exd5 Nf6 3.Nc3 Nxd5 4.Nxd5 Qxd5 5.Qf3 Be6 6.Be2 Nc6 7.c3 Ne5 8.Qxd5
Bxd5 9.f3 c5 10.Bb5+ Kd8 11.d4 cxd4 12.cxd4 Nc6 13.Ne2 e6 14.Bxc6 Bxc6 15.Nc3
Bd6 16.O-O Re8 17.Ne4 Bc7 18.Bd2 Bb6 19.Bc3 Kc7 20.Kh1 Rad8 21.Rad1 Rd5 22.Nc5
Red8 23.Rc1 g6 24.Rfe1 Kb8 25.Kg1 e5 26.b4 exd4 27.Bd2 a5 28.a3 Ka7 29.Re7 Re8
30.Rxf7 Re2 31.Ne4 Rf5 32.Rxf5 gxf5 33.Rxc6 bxc6

[Event "VII OPEN AMATEUR CALVIA"]
[Site "Calvia - Mallorca (España)"]
[Date "2010.10.13"]
[Round "5"]
[Board "1"]
[White "Jernselius, Kjell"]
[Black "Fruebing, Thomas"]
[Result "1/2-1/2"]
[WhiteElo "1897"]
[BlackElo "2234"]
[PlyCount "47"]
[EventDate "2010.10.09"]
[EventRounds "9"]
[EventCountry "ESP"]

1.b4 a5 2.b5 c5 3.e3 d5 4.c4 e6 5.Bb2 Nf6 6.Nf3 Nbd7 7.Qc2 b6 8.Be2 Qc7 9.d4 Bb7
10.O-O Rc8 11.Nbd2 Be7 12.Rac1 Qb8 13.a4 O-O 14.Qb3 Qa8 15.cxd5 Bxd5 16.Bc4 cxd4
17.Bxd5 Nxd5 18.Bxd4 Bc5 19.Nc4 Bxd4 20.Nxd4 Nb4 21.Qa3 Qd5 22.Nc6 Nxc6 23.Rfd1
Qc5 24.Rxd7

[Event "VII OPEN AMATEUR CALVIA"]
[Site "Calvia - Mallorca (España)"]
[Date "2010.10.13"]
[Round "5"]
[Board "1"]
[White "Simo Bordoy, Guillermo"]
[Black "Carrasco Fernandez, Manuel"]
[Result "1-0"]
[WhiteElo "2025"]
[BlackElo "1869"]
[PlyCount "89"]
[EventDate "2010.10.09"]
[EventRounds "9"]
[EventCountry "ESP"]

1.Nf3 d5 2.c4 c6 3.e3 Nf6 4.Nc3 Bg4 5.Qb3 Qb6 6.Qc2 Nbd7 7.d4 e6 8.Bd2 Be7 9.Bd3
dxc4 10.Bxc4 Bf5 11.e4 Bg6 12.O-O O-O 13.Bd3 c5 14.dxc5 Nxc5 15.Be3 Qd8 16.Bxc5
Bxc5 17.Rad1 Qe7 18.Ne5 Bh5 19.Rc1 Bd4 20.Nc4 Rac8 21.e5 Nd5 22.Qd2 Nxc3 23.bxc3
Bc5 24.Qf4 Rfd8 25.Be4 Rc7 26.Ne3 Rcd7 27.Rb1 Bb6 28.Nc4 Bc5 29.Rfe1 a6 30.h3
Ba7 31.Nd6 Bc5 32.Nxb7 Bg6 33.Nxd8 Rxd8 34.Rb7 Qe8 35.Bxg6 hxg6 36.Reb1 Be7
37.Rc7 g5 38.Qc4 Qf8 39.Rbb7 Rd1+ 40.Kh2 Bd6 41.exd6 Qxd6+ 42.g3 Qd2 43.Rxf7 Qe1
44.Rxg7+ Kh8 45.Qc8+

[Event "VII OPEN AMATEUR CALVIA"]
[Site "Calvia - Mallorca (España)"]
[Date "2010.10.13"]
[Round "5"]
[Board "1"]
[White "Marret, Benjamin"]
[Black "Porfireanu, Serban"]
[Result "1/2-1/2"]
[WhiteElo "1895"]
[BlackElo "2024"]
[PlyCount "89"]
[EventDate "2010.10.09"]
[EventRounds "9"]
[EventCountry "ESP"]

1.d4 g6 2.Nf3 Bg7 3.b4 d6 4.Bb2 c5 5.bxc5 dxc5 6.e3 Qb6 7.Qc1 Nc6 8.c3 cxd4
9.cxd4 Bg4 10.Be2 Rc8 11.Qd2 Nf6 12.Nc3 O-O 13.O-O Rfd8 14.Qc2 Nb4 15.Qa4 a6
16.Rac1 Bf5 17.Rfd1 Be6 18.Ba1 Nbd5 19.Rb1 Qd6 20.Rdc1 Nxc3 21.Bxc3 Bd5 22.Bb4
Qe6 23.a3 Qe4 24.Ne1 Bc6 25.Qd1 Nd5 26.Bf3 Qh4 27.Qb3 e6 28.Bc5 e5 29.g3 Qh3
30.Rd1 Qe6 31.dxe5 Bxe5 32.Bd4 Bc7 33.Nd3 Qh3 34.Bg2 Qh5 35.Nc5 Qg5 36.Qb2 h5
37.Ne4 Qh6 38.Nf6+ Nxf6 39.Bxf6 Rxd1+ 40.Rxd1 Qf8 41.Bxc6 bxc6 42.Qc3 Bd6 43.a4
Bb4 44.Qc4 a5 45.Rd7

[Event "VII OPEN AMATEUR CALVIA"]
[Site "Calvia - Mallorca (España)"]
[Date "2010.10.13"]
[Round "5"]
[Board "1"]
[White "Moreno Mateos, Jose Luis"]
[Black "Hjerten, Teo"]
[Result "1-0"]
[WhiteElo "1882"]
[BlackElo "1977"]
[PlyCount "29"]
[EventDate "2010.10.09"]
[EventRounds "9"]
[EventCountry "ESP"]

1.d4 Nf6 2.c4 e6 3.Nc3 d5 4.cxd5 exd5 5.Bg5 Be7 6.Qc2 c6 7.e3 Ne4 8.Bxe7 Qxe7
9.Nxd5 cxd5 10.Qxc8+ Qd8 11.Bb5+ Ke7 12.Qxb7+ Kf6 13.b4 a6 14.Qxa8 Qc7 15.Ne2

[Event "VII OPEN AMATEUR CALVIA"]
[Site "Calvia - Mallorca (España)"]
[Date "2010.10.13"]
[Round "5"]
[Board "1"]
[White "Mosquera Ulloa, Fernando"]
[Black "Carranza Pons, Ricardo Nelson"]
[Result "0-1"]
[WhiteElo "1960"]
[BlackElo "1853"]
[PlyCount "80"]
[EventDate "2010.10.09"]
[EventRounds "9"]
[EventCountry "ESP"]

1.e4 c5 2.Nc3 d6 3.f4 g6 4.Nf3 Bg7 5.Bb5+ Bd7 6.Bxd7+ Qxd7 7.O-O e6 8.d3 Ne7
9.Qe1 Nbc6 10.Bd2 Nd4 11.Nxd4 cxd4 12.Ne2 Rc8 13.c4 O-O 14.Qh4 f5 15.Rf3 fxe4
16.dxe4 Rxc4 17.Rd3 Nc6 18.Rc1 Rxc1+ 19.Nxc1 e5 20.f5 Qe7 21.Qh3 gxf5 22.exf5 e4
23.Rg3 e3 24.Be1 Qf6 25.Rf3 Qh6 26.Qg3 Kh8 27.Nd3 Ne5 28.Nxe5 Bxe5 29.Qg4 Qxh2+
30.Kf1 Rg8 31.Qh3 Qxh3 32.gxh3 Rc8 33.f6 Kg8 34.Bh4 Kf7 35.Rf5 d3 36.Rh5 d2
37.Rxh7+ Ke6 38.Ke2 Rc1 39.Re7+ Kd5 40.f7 d1=Q+

[Event "VII OPEN AMATEUR CALVIA"]
[Site "Calvia - Mallorca (España)"]
[Date "2010.10.13"]
[Round "5"]
[Board "1"]
[White "Febrero Perez, Lluis"]
[Black "Selten, Jan"]
[Result "0-1"]
[WhiteElo "1599"]
[BlackElo "1949"]
[PlyCount "38"]
[EventDate "2010.10.09"]
[EventRounds "9"]
[EventCountry "ESP"]

1.e4 e6 2.d4 d5 3.e5 c5 4.c3 Nc6 5.Nf3 Qb6 6.a3 Nh6 7.b4 cxd4 8.Bxh6 gxh6 9.cxd4
Bd7 10.Nc3 Nxb4 11.axb4 Bxb4 12.Qd3 Rc8 13.Rc1 Qa5 14.Kd2 O-O 15.Be2 Rc7 16.Rc2
Rfc8 17.Rhc1 Ba4 18.Ra2 Rxc3 19.Rxc3 Rxc3

[Event "VII OPEN AMATEUR CALVIA"]
[Site "Calvia - Mallorca (España)"]
[Date "2010.10.13"]
[Round "5"]
[Board "1"]
[White "Tart, Peter K"]
[Black "Serarols Mabras, Bernat"]
[Result "1-0"]
[WhiteElo "1948"]
[BlackElo "1817"]
[PlyCount "123"]
[EventDate "2010.10.09"]
[EventRounds "9"]
[EventCountry "ESP"]

1.e4 Nf6 2.Nc3 d5 3.d4 Nxe4 4.Nxe4 dxe4 5.Bc4 e6 6.f3 exf3 7.Nxf3 Be7 8.O-O O-O
9.Be3 Nd7 10.Bd3 c5 11.c3 cxd4 12.cxd4 Bf6 13.Qd2 Re8 14.Bg5 b6 15.Bb5 Rf8
16.Bxf6 Nxf6 17.Ne5 Bb7 18.Qf4 Qd5 19.Qg3 Ne4 20.Qd3 Nc3 21.Bc6 Bxc6 22.Nxc6
Qxc6 23.bxc3 Rac8 24.Rf3 Qc4 25.Qe4 Rc7 26.Raf1 Qxa2 27.Qe5 Rd7 28.Rg3 g6 29.Qf6
Rd5 30.h4 Qc2 31.Rgf3 Qe4 32.Qe7 Rf5 33.Rxf5 exf5 34.Qxa7 Qe3+ 35.Kh2 Qxc3
36.Qxb6 Qe3 37.Qf6 Qe6 38.Qg5 f6 39.Qd2 Rd8 40.Re1 Qd6+ 41.Kh1 Qxd4 42.Re8+ Rxe8
43.Qxd4 Kf7 44.Kg1 Re7 45.Qd5+ Kg7 46.Kf2 h5 47.Qd8 Rf7 48.g3 Rf8 49.Qe7+ Rf7
50.Qe6 Ra7 51.Qd6 Rf7 52.Ke3 Ra7 53.Kd4 Rf7 54.Kd5 Ra7 55.Qd8 Rb7 56.Ke6 Rf7
57.Qb8 Rf8 58.Qxf8+ Kxf8 59.Kxf6 Kg8 60.Kxg6 Kh8 61.Kxf5 Kg7 62.Kg5